| 000 | 00000nas 2200000za 4500 |
| 001 | 9.824112 |
| 003 | CaOODSP |
| 005 | 20221107144042 |
| 007 | cr ||||||||||| |
| 008 | 160914d19921992oncar pso||||f0 a0eng|d |
| 040 | |aCaOODSP|beng |
| 043 | |an-cn--- |
| 086 | 1 |aF1-50E-PDF|zF1-26? |
| 110 | 1 |aCanada. |bDepartment of Finance. |
| 245 | 10|aEconomic reference tables |h[electronic resource]. |
| 260 | |a[Ottawa] : |bDepartment of Finance,|c1992. |
| 310 | |aAnnual |
| 362 | 0 |aAug. 1992. |
| 500 | |aIssued also in French under title: Tableaux de référence économiques. |
| 500 | |aDigitized edition from print [produced by Finance Canada]. |
| 692 | 07|2gccst|aPublic finance |
| 692 | 07|2gccst|aFinancial management |
| 775 | 08|tTableaux de référence économiques |w(CaOODSP)9.824114 |
| 785 | 00|tEconomic and fiscal reference tables |w(CaOODSP)9.824118 |